Follow Up on the Recommendations of the Independent Evaluation Office Report on Fiscal Adjustment in IMF-Supported Programs.

NULL.

Dettagli Bibliografici
Ente Autore: International Monetary Fund
Natura: Periodico
Lingua:English
Pubblicazione: Washington, D.C. : International Monetary Fund, 2004.
Serie:Policy Papers; Policy Paper ; No. 2004/039
Soggetti:
Accesso online:Full text available on IMF
LEADER 01228cas a2200301 a 4500
001 AALejournalIMF019713
008 230101c9999 xx r poo 0 0eng d
020 |c 5.00 USD 
020 |z 9781498330596 
022 |a 2663-3493 
040 |a BD-DhAAL  |c BD-DhAAL 
110 2 |a International Monetary Fund. 
245 1 0 |a Follow Up on the Recommendations of the Independent Evaluation Office Report on Fiscal Adjustment in IMF-Supported Programs. 
264 1 |a Washington, D.C. :  |b International Monetary Fund,  |c 2004. 
300 |a 1 online resource (7 pages) 
490 1 |a Policy Papers 
500 |a <strong>Off-Campus Access:</strong> No User ID or Password Required 
500 |a <strong>On-Campus Access:</strong> No User ID or Password Required 
506 |a Electronic access restricted to authorized BRAC University faculty, staff and students 
520 3 |a NULL. 
538 |a Mode of access: Internet 
650 7 |a Director  |2 imf 
650 7 |a Fund  |2 imf 
650 7 |a IEO Report  |2 imf 
650 7 |a PP  |2 imf 
650 7 |a Staff  |2 imf 
830 0 |a Policy Papers; Policy Paper ;  |v No. 2004/039 
856 4 0 |z Full text available on IMF  |u http://elibrary.imf.org/view/journals/007/2004/039/007.2004.issue-039-en.xml  |z IMF e-Library